|
|
|
|
| LEADER |
00000cam a22000002c 4500 |
| 001 |
1093592214 |
| 003 |
DE-627 |
| 005 |
20251224220513.0 |
| 007 |
tu |
| 008 |
910315s1974 xx ||||| 00| ||eng c |
| 035 |
|
|
|a (DE-627)1093592214
|
| 035 |
|
|
|a (DE-576)023592214
|
| 035 |
|
|
|a (DE-599)BSZ023592214
|
| 035 |
|
|
|a (OCoLC)01094721
|
| 040 |
|
|
|a DE-627
|b ger
|c DE-627
|e rakwb
|
| 041 |
|
|
|a eng
|
| 082 |
0 |
|
|a 301.45/19/7071
|
| 100 |
1 |
|
|8 1\p
|a Frideres, James S.
|d 1943-
|0 (DE-588)120308355
|0 (DE-627)080595251
|0 (DE-576)292151764
|4 aut
|
| 109 |
|
|
|a Frideres, James S. 1943-
|a Frideres, James 1943-
|a Frideres, J. S. 1943-
|a Frideres, James Stephen 1943-
|
| 245 |
1 |
0 |
|a Canada's indians
|b contemporary conflicts
|c James S. Frideres
|
| 264 |
|
1 |
|a Scarborough, Ont.
|b Prentice-Hall of Canada
|c 1974
|
| 300 |
|
|
|a XVIII, 209 S.
|
| 336 |
|
|
|a Text
|b txt
|2 rdacontent
|
| 337 |
|
|
|a ohne Hilfsmittel zu benutzen
|b n
|2 rdamedia
|
| 338 |
|
|
|a Band
|b nc
|2 rdacarrier
|
| 883 |
|
|
|8 1\p
|a cgwrk
|d 20241001
|q DE-101
|u https://d-nb.info/provenance/plan#cgwrk
|
| 951 |
|
|
|a BO
|
| ELC |
|
|
|b 1
|
| LOK |
|
|
|0 000 xxxxxcx a22 zn 4500
|
| LOK |
|
|
|0 001 2161288091
|
| LOK |
|
|
|0 003 DE-627
|
| LOK |
|
|
|0 004 1093592214
|
| LOK |
|
|
|0 005 20020606000000
|
| LOK |
|
|
|0 008 910315||||||||||||||||ger|||||||
|
| LOK |
|
|
|0 040
|a DE-21
|c DE-627
|d DE-21
|
| LOK |
|
|
|0 852
|a DE-21
|
| LOK |
|
|
|0 852 1
|c KB 10 A 478
|9 00
|
| LOK |
|
|
|0 935
|a krim
|
| LOK |
|
|
|0 936ln
|a k7.3.3.4
|
| LOK |
|
|
|0 939
|a 15-03-91
|b l01
|
| ORI |
|
|
|a SA-MARC-krimdoka001.raw
|
| SIG |
|
|
|a UB: KB 10 A 478
|